Statistics for Players who have won the NBA Championship with more than one Team

Click here to take the quiz!

General Stats

  • This quiz has been taken 95 times
    (48 since last reset)
  • The average score is 10 of 27

Answer Stats

YearTeamPlayer% Correct
2012
2016
Miami Heat
Cleveland Cavaliers
LeBron James*
97%
1971
1980
Milwaukee Bucks
Los Angeles Lakers
Kareem Abdul-Jabbar
78%
2008
2013
Boston Celtics
Miami Heat
Ray Allen
78%
1989
1996
Detroit Pistons
Chicago Buls
Dennis Rodman
76%
1967
1972
Philadelphia 76ers
Los Angeles Lakers
Wilt Chamberlain
70%
1994
2000
2005
Houston Rockets
Los Angeles Lakers
San Antonio Spurs
Robert Horry
68%
2000
2006
Los Angeles Lakers
Miami Heat
Shaquille O'Neal
68%
1996
1999
Chicago Buls
San Antonio Spurs
Steve Kerr
62%
1991
2001
Chicago Bulls
Los Angeles Lakers
Horace Grant
57%
2012
2016
Miami Heat
Cleveland Cavaliers
James Jones*
49%
1977
1986
Portland Trail Blazers
Boston Celtics
Bill Walton
46%
1979
1984
Seattle Supersonics
Boston Celtics
Dennis Johnson
46%
1996
2000
Chicago Bulls
Los Angeles Lakers
Ron Harper
43%
1981
1997
Boston Celtics
Chicago Bulls
Robert Parish
41%
1994
2008
Houston Rockets
Boston Celtics
Sam Cassell
30%
1989
1996
2000
Detroit Pistons
Chicago Bulls
Los Angeles Lakers
John Salley
24%
1994
1999
Houston Rockets
San Antonio Spurs
Mario Elie
19%
1975
1980
Golden State Warriors
Los Angeles Lakers
Jamaal Wilkes
14%
1989
1996
Boston Celtics
Chicago Bulls
James Edwards
14%
1971
1978
Milwaukee Bucks
Washington Bullets
Bob Dandridge
8%
1981
1990
Boston Celtics
Detroit Pistons
Gerald Henderson
8%
1978
1982
Washington Bullets
Los Angeles Lakers
Mitch Kupchak
8%
1974
1979
Boston Celtics
Seattle Supersonics
Paul Silas
8%
1950
1958
Minneapolis Lakers
St. Louis Hawks
Slater Martin
8%
1991
1999
Chicago Bulls
San Antonio Spurs
Will Perdue
8%
1954
1963
Minneapolis Lakers
Boston Celtics
Clyde Lovellette
3%
1951
1952
Rochester Royals
Minneapolis Lakers
Pep Saul
3%

Score Distribution

Percentile by Number Answered

Percent of People with Each Score

Your Score History

You have not taken this quiz since the last reset